Multiple Choice City Quiz – Bratislava - Statistics

General Stats
  • This quiz has been taken 31 times
  • The average score is 6 of 10
Answer Stats
Question Answer % Correct
What nation’s capital is merely 35 miles away? Austria
100%
What river does Bratislava lie on? Danube
93%
What landmark is not in Bratislava? Bonjice Castle
87%
What is the German name for Bratislava, what it was previously known as? Pressburg
83%
What was the previous Slovak name for Bratislava? Prešporok
80%
What mountain range is Bratislava in? Little Carpathians
63%
What is the average daily high temperature in Bratislava? (January/July) 39°/84°
47%
Which group of people did not settle Bratislava? Poles
43%
Which of these facts is true about Bratislava? Bratislava is the smallest EU capital.
7%
Which of these is not a nickname for Bratislava? City of Castles
7%
No matching quizzes found
Score Distribution
Percent of People with Each Score
Percentile by Number Answered
Your Score History
You have not taken this quiz